Statistics for Olympic Host Countries

Click here to take the quiz!

General Stats

  • This quiz has been taken 142,440 times
  • The average score is 21 of 24

Answer Stats

#Country% Correct
9United States
99%
1Brazil
98%
2China
98%
3United Kingdom
98%
4Japan
97%
1Russia
97%
6France
96%
3Germany
96%
3Canada
95%
3Australia
93%
2Greece
93%
1Spain
93%
4Italy
92%
1Mexico
91%
2South Korea
88%
1Sweden
88%
2Norway
87%
1Finland
81%
2Switzerland
77%
2Austria
75%
1Netherlands
69%
1Belgium
66%
1Soviet Union
58%
1Yugoslavia
49%

Score Distribution

Percentile by Number Answered

Percent of People with Each Score

Your Score History

You have not taken this quiz